00909cam a22002534a 45000010005000000030008000050050017000130080041000300200015000710350019000860400032001050410008001370820022001451000021001672450088001882600049002763000033003254900019003585000020003776000047003976500027004448560096004718560088005671129BD-RjUL20211208233259.0131124s2001 caua 001 0 eng  a0156007460 a(BD-RjUL) 1151 aDLCcDLCdDLCdBD-RjULbeng aeng00a197221bOUI 19551 aOuspensky, P. D.10aIn search of the miraculous :bfragments of an unknown teaching /cP. D. Ouspensky. aLondon :bRoutledge & Kegan Paul Ltd.,c1955 axi, 399 p. :bill. ;c21 cm.0 aA Harvest book aIncludes index.10aGurdjieff, Georges Ivanovitch,d1872-1949. 0aFourth Way (Occultism)423Contributor biographical informationuhttp://www.loc.gov/catdir/bios/har051/2001039281.html423Publisher descriptionuhttp://www.loc.gov/catdir/description/har021/2001039281.html